Ảnh hưởng của protein và năng lượng khẩu phần, môi trường pha loãng và nhiệt độ bảo quản đến phẩm chất tinh heo ngoại nuôi tại Thành Phố Cần Thơ : (Chuyên ngành chăn nuôi)

Nội dung đề tài là lựa chọn các mức protein và năng lượng trong khẩu phần phù hợp cho heo đực giống làm việc.

Bewaard in:
Bibliografische gegevens
Hoofdauteur: Dương, Văn Sử
Formaat: Boek
Taal:Undetermined
Gepubliceerd in: Cần Thơ Trường Đại học Cần Thơ 2007
Onderwerpen:
Tags: Voeg label toe
Geen labels, Wees de eerste die dit record labelt!
Thư viện lưu trữ: Trung tâm Học liệu Trường Đại học Cần Thơ
LEADER 01041nam a2200217Ia 4500
001 CTU_135996
008 210402s9999 xx 000 0 und d
082 |a 636.2 
082 |b S550 
100 |a Dương, Văn Sử 
245 0 |a Ảnh hưởng của protein và năng lượng khẩu phần, môi trường pha loãng và nhiệt độ bảo quản đến phẩm chất tinh heo ngoại nuôi tại Thành Phố Cần Thơ : 
245 0 |b (Chuyên ngành chăn nuôi) 
245 0 |c Dương Văn Sử ; Bùi Xuân Mến giáo viên hướng dẫn 
260 |a Cần Thơ 
260 |b Trường Đại học Cần Thơ 
260 |c 2007 
520 |a Nội dung đề tài là lựa chọn các mức protein và năng lượng trong khẩu phần phù hợp cho heo đực giống làm việc. 
650 |a Swine,Nuôi heo 
650 |x Breeding 
904 |i Tuyến 
980 |a Trung tâm Học liệu Trường Đại học Cần Thơ